[Event "Wch U18 blitz"]
[Site "Batumi"]
[Date "2023.06.10"]
[Round "4"]
[White "Galajyan, Armen"]
[Black "Sahakyan, Aleks"]
[Result "0-1"]
[WhiteElo "2029"]
[BlackElo "2275"]
[PlyCount "100"]
[EventDate "2023.06.10"]
[EventType "swiss (blitz)"]
[EventRounds "11"]
[EventCountry "GEO"]
[SourceTitle "EXT 2024"]
[Source "ChessBase"]
[SourceDate "2023.10.10"]
[SourceVersion "1"]
[SourceVersionDate "2023.10.10"]
[SourceQuality "1"]
[WhiteTeam "Armenia"]
[BlackTeam "Armenia"]
[WhiteTeamCountry "ARM"]
[BlackTeamCountry "ARM"]

1. e4 c5 2. Ne2 d6 3. Nbc3 Nf6 4. d4 cxd4 5. Nxd4 a6 6. Nb3 e6 7. Be3 b5 8. Be2 Bb7 9. f3 Nbd7 10. 0-0 Rc8 11. a3 Be7 12. Qd2 Ne5 13. Qe1 Nc4 14. Bc1 Qb6+ 15. Kh1 0-0 16. a4 b4 17. a5 Qc7 18. Na4 d5 19. exd5 Nxd5 20. Bd3 Bf6 21. Nac5 Nxb2 22. Ne4 Nxd3 23. Nxf6+ Nxf6 24. cxd3 Qc2 25. Qxb4 Bd5 26. Nd2 Qxd3 27. Re1 Rb8 28. Qa3 Qd4 29. Nf1 Rb3 30. Qa4 Rb4 31. Qa3 Rfb8 32. Be3 Qh4 33. Qd3 Bc4 34. Qd6 Nd5 35. Bc5 R4b5 36. Rac1 Rd8 37. Qc6 h6 38. Ng3 Rxa5 39. Bb6 Nxb6 40. Qxb6 Rad5 41. Ne4 Rh5 42. Qc7 Bd5 43. Kg1 Bxe4 44. Rxe4 Qg5 45. Re2 Qd5 46. Qa7 Qd6 47. Ra1 Qxh2+ 48. Kf2 Qh4+ 49. Kg1 Qh1+ 50. Kf2 Qxa1 0-1

[Event "Wch U18 rapid"]
[Site "Batumi"]
[Date "2023.06.07"]
[Round "6"]
[White "Tsaruk, Maksim"]
[Black "Galajyan, Armen"]
[Result "1-0"]
[WhiteElo "2393"]
[BlackElo "2034"]
[PlyCount "85"]
[EventDate "2023.06.06"]
[EventType "swiss (rapid)"]
[EventRounds "11"]
[EventCountry "GEO"]
[SourceTitle "CBM 214 Extra"]
[Source "ChessBase"]
[SourceDate "2023.07.31"]
[SourceVersion "1"]
[SourceVersionDate "2023.07.31"]
[SourceQuality "1"]

1. e4 e5 2. Nf3 Nc6 3. Bc4 Nf6 4. d3 Bc5 5. c3 d6 6. h3 a6 7. Nbd2 Ba7 8. Bb3 h6 9. Nf1 Be6 10. Ng3 Qd7 11. Bc2 d5 12. Qe2 0-0 13. 0-0 Rfe8 14. Nh4 Ne7 15. Qf3 Nh7 16. Qh5 f6 17. Nhf5 Nxf5 18. exf5 Bf7 19. Qg4 Kh8 20. d4 c5 21. Be3 cxd4 22. cxd4 e4 23. Nh5 Rg8 24. Nf4 Rac8 25. Bb3 Bb8 26. Ng6+ Bxg6 27. fxg6 f5 28. Qh5 Nf6 29. Qh4 Rgf8 30. Rfc1 Rxc1+ 31. Rxc1 Kg8 32. Bf4 Qe8 33. Bxb8 Qxb8 34. Rc5 Rc8 35. Qf4 Qa8 36. Qxf5 Rxc5 37. dxc5 Qd8 38. g4 Qd7 39. Qxd7 Nxd7 40. Bxd5+ Kf8 41. b4 a5 42. a3 axb4 43. axb4 1-0

[Event "Yerevan op 1st"]
[Site "Yerevan"]
[Date "2016.10.10"]
[Round "9"]
[White "Galajyan, Armen"]
[Black "Margaryan, Roman"]
[Result "1-0"]
[WhiteElo "1442"]
[BlackElo "1463"]
[PlyCount "73"]
[EventDate "2016.10.02"]
[EventType "swiss"]
[EventRounds "9"]
[EventCountry "ARM"]
[SourceTitle "EXT 2017"]
[Source "ChessBase"]
[SourceDate "2016.10.25"]
[SourceVersion "1"]
[SourceVersionDate "2016.10.25"]
[SourceQuality "1"]

1. e4 c5 2. Nf3 d6 3. d4 cxd4 4. Nxd4 Nf6 5. Be3 g6 6. f3 Bg7 7. Nc3 0-0 8. Bc4 Nc6 9. Qd2 Bd7 10. Bb3 Ne5 11. 0-0-0 Qa5 12. h4 Rfc8 13. h5 Rc4 14. hxg6 hxg6 15. Bh6 Rxc3 16. bxc3 Nh5 17. Bxg7 Kxg7 18. g4 Nxf3 19. Nxf3 Bxg4 20. Qe3 Qa3+ 21. Kb1 a5 22. Rdg1 a4 23. Bc4 Rc8 24. Nd2 b5 25. Rxg4 bxc4 26. Ka1 Nf4 27. Rxf4 d5 28. Qh3 f5 29. Qh7+ Kf6 30. Rxf5+ Ke6 31. Qf7+ Kd7 32. Rxd5+ Kc7 33. Qf4+ Kc6 34. Qe5 e6 35. Qxe6+ Kb7 36. Rb1+ Ka7 37. Ra5# 1-0

[Event "Yerevan op 1st"]
[Site "Yerevan"]
[Date "2016.10.04"]
[Round "3"]
[White "Galajyan, Armen"]
[Black "Poormosavi, Seyed Kian"]
[Result "1-0"]
[WhiteElo "1442"]
[BlackElo "2056"]
[PlyCount "99"]
[EventDate "2016.10.02"]
[EventType "swiss"]
[EventRounds "9"]
[EventCountry "ARM"]
[SourceTitle "EXT 2017"]
[Source "ChessBase"]
[SourceDate "2016.10.25"]
[SourceVersion "1"]
[SourceVersionDate "2016.10.25"]
[SourceQuality "1"]

1. e4 c5 2. Nf3 Nc6 3. Nc3 g6 4. d4 cxd4 5. Nxd4 Nf6 6. Be3 Bg7 7. Nxc6 bxc6 8. e5 Ng8 9. Bd4 Nh6 10. e6 0-0 11. Bxg7 Kxg7 12. Qd4+ Kg8 13. exd7 Bxd7 14. 0-0-0 Bg4 15. f3 Qxd4 16. Rxd4 Be6 17. g4 Rfd8 18. Rxd8+ Rxd8 19. Bd3 c5 20. Re1 Kf8 21. Re5 c4 22. Be4 Rd7 23. Ne2 Rd6 24. Ra5 f5 25. gxf5 gxf5 26. Bb7 Kf7 27. Rxa7 Rd7 28. a4 Kf6 29. Nf4 Nf7 30. Nxe6 Nd6 31. Nc5 Rc7 32. a5 Rxc5 33. a6 Rc7 34. Ra8 Nxb7 35. Ra7 Rc8 36. Rxb7 Ke5 37. a7 Ra8 38. Kd2 Kf4 39. Ke2 e5 40. Rxh7 e4 41. fxe4 Kxe4 42. Rd7 Kf4 43. b4 Rh8 44. h4 Kg3 45. b5 f4 46. Rg7+ Kxh4 47. b6 Ra8 48. b7 Rxa7 49. b8Q Rxg7 50. Qh8+ 1-0

[Event "Yerevan op 1st"]
[Site "Yerevan"]
[Date "2016.10.02"]
[Round "1"]
[White "Hovsepyan, David"]
[Black "Galajyan, Armen"]
[Result "1-0"]
[WhiteElo "2091"]
[BlackElo "1442"]
[PlyCount "61"]
[EventDate "2016.10.02"]
[EventType "swiss"]
[EventRounds "9"]
[EventCountry "ARM"]
[SourceTitle "EXT 2017"]
[Source "ChessBase"]
[SourceDate "2016.10.25"]
[SourceVersion "1"]
[SourceVersionDate "2016.10.25"]
[SourceQuality "1"]

1. d4 Nf6 2. Bf4 d6 3. Nc3 g6 4. Qd2 Bg7 5. Bh6 0-0 6. Bxg7 Kxg7 7. Nf3 Bf5 8. h4 h5 9. Ng5 Nc6 10. e4 Bd7 11. Bb5 a6 12. Bxc6 bxc6 13. e5 Nd5 14. 0-0-0 Qb8 15. Nxd5 cxd5 16. e6 fxe6 17. g4 Rh8 18. Rdg1 Qf8 19. gxh5 Rxh5 20. Rh3 Qg8 21. Qe2 Kh8 22. Re3 Rf8 23. a4 Rxh4 24. Nxe6 Bxe6 25. Rxe6 Qg7 26. Rexg6 Qxd4 27. Qxe7 Qf4+ 28. Kb1 Rh7 29. Rg7 Rf7 30. Qe8+ Rf8 31. Rg8+ 1-0